Microcomputer architecture and programming (Record no. 3659)

000 -LEADER
fixed length control field 00695nam a2200229 i 4500
001 - CONTROL NUMBER
control field 3659
003 - CONTROL NUMBER IDENTIFIER
control field BD-DhUET
008 - FIXED-LENGTH DATA ELEMENTS--GENERAL INFORMATION
fixed length control field 801209s1981 nyu b 001 0 eng
020 ## - INTERNATIONAL STANDARD BOOK NUMBER
International Standard Book Number 0471052329
040 ## - CATALOGING SOURCE
Original cataloging agency DLC
Transcribing agency DLC
Modifying agency BD-DhUET
082 ## - DEWEY DECIMAL CLASSIFICATION NUMBER
Classification number 001.6404
Item number WAK/1981
100 1# - MAIN ENTRY--PERSONAL NAME
Personal name Wakerly, John F.
245 10 - TITLE STATEMENT
Title Microcomputer architecture and programming
250 ## - EDITION STATEMENT
Edition statement Ist ed.
260 ## - PUBLICATION, DISTRIBUTION, ETC. (IMPRINT)
Place of publication, distribution, etc. New York
Name of publisher, distributor, etc. John Wiley & Sons
Date of publication, distribution, etc. 1981
300 ## - PHYSICAL DESCRIPTION
Extent xxviii, 692 p.
Dimensions 24 cm.
504 ## - BIBLIOGRAPHY, ETC. NOTE
Bibliography, etc Includes bibliographies
650 #0 - SUBJECT ADDED ENTRY--TOPICAL TERM
Topical term or geographic name as entry element Microcomputers
856 42 - ELECTRONIC LOCATION AND ACCESS
Uniform Resource Identifier http://www.loc.gov/catdir/enhancements/fy0607/80029060-d.html
856 41 - ELECTRONIC LOCATION AND ACCESS
Uniform Resource Identifier http://www.loc.gov/catdir/enhancements/fy0607/80029060-t.html
942 ## - ADDED ENTRY ELEMENTS (KOHA)
Koha item type General Book
Holdings
Koha normalized classification for sorting Shelving location Withdrawn status Sublocation or collection (holding branch) Date acquired Koha item type Source of classification or shelving scheme Copy number Damaged status Koha full call number Not for loan Price effective from Koha date last seen Lost status Location (home branch) Piece designation (barcode)
001_640400000000000_WAK_1981Circulation section Central Library, BUET2014-11-03General Book 1 001.6404/WAK/1981 2014-11-032014-11-03 Central Library, BUET57889
001_000000000000000_6404WAK198Circulation section Central Library, BUET2014-11-03General Book 2 001.6404/WAK/1981 2014-11-032014-11-03 Central Library, BUET69349
001_000000000000000_6404WAK198Circulation section Central Library, BUET2014-12-10General Book 3 001.6404/WAK/1981 2014-12-102014-12-10 Central Library, BUET69350
001_640400000000000_WAK_1981Circulation section Central Library, BUET2015-02-04General Book 4 001.6404 WAK/1981 2015-02-042015-02-04 Central Library, BUET57888
001_640400000000000_WAK_1981Circulation section Central Library, BUET2015-02-05General Book 5 001.6404/WAK/1981 2015-02-052015-02-05 Central Library, BUET69351